Determinación de los parámetros de operación ph y temperatura para el confitado de papaya y mango en el Centro Tecnológico Betania
Estudia la preservación de las frutas de papaya y mango mediante el proceso de confitado.Desarrolla ensayos relacionados con las propiedades fisicoquímicas de las frutas en estado fresco, sus cambios después de la aplicación de los tratamientos químicos y técnicas, sus comportamientos en el tr...
| Main Authors: | , |
|---|---|
| Other Authors: | |
| Format: | Tesis Section = Libro |
| Language: | Undetermined Spanish |
| Published: |
Managua
UNI
2003
|
| Subjects: |
| LEADER | 01423nam a2200253Ia 4500 | ||
|---|---|---|---|
| 008 | 240830s9999 xx 000 0 und d | ||
| 040 | |a CEDOC DACA-RUSB / Mon 664.804 M539 | ||
| 041 | |a spa | ||
| 082 | |a Mon 664.804 M539 | ||
| 100 | 1 | |a Mendoza Oviedo, Juan José | |
| 100 | 1 | |b Castro Barreda, Carlos Lenin | |
| 245 | 1 | 0 | |a Determinación de los parámetros de operación ph y temperatura para el confitado de papaya y mango en el Centro Tecnológico Betania |
| 260 | |a Managua |b UNI |c 2003 | ||
| 300 | |a 55 p. : il | ||
| 500 | |a contiene anexos | ||
| 502 | |a Tesis (Ingeniero Químico) -UNI, 2003. | ||
| 520 | 3 | |a Estudia la preservación de las frutas de papaya y mango mediante el proceso de confitado.Desarrolla ensayos relacionados con las propiedades fisicoquímicas de las frutas en estado fresco, sus cambios después de la aplicación de los tratamientos químicos y técnicas, sus comportamientos en el transcurso del proceso y las características fisicoquímicas de los productos obtenidos con el propósito de determinar las condiciones de operación conveniente para la elaboración de frutas confitadas.Iden | |
| 650 | 7 | |a PRESENTACION DE FRUTAS - CONFITADA - CENTRO TECNOLOGICO BETANIA | |
| 650 | 7 | |b CONSERVACION - CONFITADO DE FRUTAS - MANGO - PAPAYA. | |
| 650 | 7 | |c PROCESO- CONFITADO DE FRUTAS | |
| 700 | 1 | |a Tutor: |b Chavarría, Leonardo | |
| 942 | |c BK |2 ddc | ||
| 991 | |a TESIS | ||
| 999 | |c 26183 | ||